[Event "BAN-chT2"]
[Site "Dhaka"]
[Date "2016.11.05"]
[Round "3.3"]
[White "Pal, Nishit Kumar"]
[Black "Hossain, Enayet Mohammed"]
[Result "0-1"]
[WhiteElo "2037"]
[BlackElo "2035"]
[PlyCount "86"]
[EventDate "2016.11.03"]
[EventType "team-swiss"]
[EventRounds "7"]
[EventCountry "BAN"]
[SourceTitle "CBM 175 Extra"]
[Source "ChessBase"]
[SourceDate "2016.12.12"]
[SourceVersion "1"]
[SourceVersionDate "2016.12.12"]
[SourceQuality "1"]
[WhiteTeam "Morning Glory"]
[BlackTeam "Sonargaon CC"]
[WhiteTeamCountry "BAN"]
[BlackTeamCountry "BAN"]

1. d4 d5 2. c4 c6 3. Nc3 Nf6 4. Nf3 e6 5. Bg5 dxc4 6. a4 Bb4 7. e4 Bxc3+ 8. bxc3 Qa5 9. e5 Ne4 10. Bd2 Qd5 11. Qc2 b5 12. Be2 Bb7 13. Be3 0-0 14. 0-0 f5 15. exf6 gxf6 16. Rfb1 Rf7 17. Ne1 a6 18. Bf3 f5 19. Qc1 Nd7 20. Bf4 Nf8 21. Qe3 Ng6 22. Bh6 Kh8 23. Nc2 Rg8 24. Nb4 Qd6 25. axb5 cxb5 26. g3 f4 27. Qxe4 Bxe4 28. Bxe4 fxg3 29. hxg3 Nf4 30. Bg2 Nxg2 31. Kxg2 Rxf2+ 32. Kxf2 Qxg3+ 33. Ke2 Qh2+ 34. Ke3 Qxh6+ 35. Ke4 Rg4+ 36. Ke5 Qe3+ 37. Kd6 Qxc3 38. Rxa6 Qxd4+ 39. Kc6 Qe4+ 40. Kxb5 Rg5+ 41. Ka4 Qxb1 42. Ra8+ Kg7 43. Ra7+ Kg6 0-1